000 00293nam a22001337a 4500
008 181106b xxu||||| |||| 00| 0 eng d
020 _a9780534643904
041 _aeng
080 _a370
100 _a49
101 _aEDU
245 _aBuilding The Realtionship
_cBrew.L
942 _2udc
_cBK
999 _c51927
_d51927